[Invitació a l'acte inaugural de la 8a Exposició General Escolar]
Descripción Física:
1 f. plegat : il. ; 21 cm
MARC
| LEADER | 00000nam a2200000Ia 4500 | ||
|---|---|---|---|
| 001 | 22129 | ||
| 008 | 160829s1922 xx 000 0 cat d | ||
| 080 | |a RF-15-73 | ||
| 110 | 1 | |a Barcelona (Catalunya : Província). |b Consell de Pedagogia |9 54044 | |
| 245 | |a [Invitació a l'acte inaugural de la 8a Exposició General Escolar] | ||
| 260 | |a Barcelona : |b Altés, |c 1922 | ||
| 300 | |a 1 f. plegat : |b il. ; |c 21 cm | ||
| 590 | |a Inclou un dibuix dels edificis de l'Escola Industrial. | ||
| 590 | |a Acte celebrat el 20 de juliol de 1922. | ||
| 590 | |a Prové de 3729, exp. 4, peça 106. | ||
| 590 | |a Hi ha un altre exemplar a la mateixa capsa | ||
| 610 | 2 | 0 | |a Escola Industrial de Barcelona |9 54682 |
| 650 | |a Escoles |x Barcelona |x Exposicions |9 47108 | ||
| 856 | 4 | |u https://media.diba.cat/diba/fitxers/arxiu/fulletons/bib_22129_1922_baixa.pdf |y Accés lliure | |
| 856 | 4 | |u https://media.diba.cat/diba/fitxers/arxiu/fulletons/bib_22129_1922_baixa.pdf |y Accés lliure | |
| 901 | |a Arxiu | ||
| 942 | |n 1 |2 udc | ||
| 952 | |0 0 |1 0 |4 0 |6 RF1573 |7 1 |9 54666 |a Arxiu |b Arxiu |d 2016-12-01 |l 0 |o RF-15-73 |p 22129 |r 2016-12-01 00:00:00 |w 2016-12-01 |y ARXIU | ||
| 999 | |c 58535 |d 58535 | ||
| 900 | |a bib_22129_1922_baixa.pdf | ||